Warrior cats W names - Statistics

General Stats
  • This quiz has been taken 10 times
    8 since last reset
  • The average score is 29 of 63
Answer Stats
% Correct
WhitestarCotc
100%
WhitestarSf
100%
Whitewing
100%
Willowkit
100%
Willowpelt
100%
Willowstar
100%
Whiteclaw
83%
Whitestorm
83%
White tail
83%
WhitetailStc
83%
WhitetailWc
83%
Willowclaw
83%
Willowshine
83%
Willow tail
83%
Windstar
83%
Willowbreeze
67%
Willownose
67%
Wasp
50%
Wasptail
50%
Wavepaw
50%
Weedwhisker
50%
Whiskernose
50%
Whiskers
50%
Whispering breeze
50%
Whitewater
50%
Wing shadow over water
50%
WrenflightSkc
50%
WrenflightWc
50%
Waspwhisker
33%
Webfoot
33%
Webkit
33%
Webster
33%
Wee hen
33%
Wetfoot
33%
Whistle
33%
Whiteberry
33%
Whitefang
33%
Whitethroat
33%
Whorlpelt
33%
Wildfur
33%
Wildkit
33%
Willie
33%
Windflight
33%
Wishkit
33%
Wolfheart
33%
Wolfstep
33%
Woody
33%
Woollytail
33%
Wafflepelt
17%
Weaselfur
17%
Weaselkit
17%
Weaselwhisker
17%
Whistlebreeze
17%
Whitebreeze
17%
Willow stream
17%
Windkit
17%
Woodsong
17%
Wanderkit
0%
Wasppaw
0%
Weevil
0%
Whisperbreeze
0%
Woodkit
0%
Woodlouse
0%
No matching quizzes found
Score Distribution
Percent of People with Each Score
Percentile by Number Answered
Your Score History
You have not taken this quiz since the last reset